Los protozoos parásitos del género leishmania y las leishmaniosis / (Record no. 39276)

MARC details
000 -LEADER
campo de control de longitud fija 00578nam a2200181 i 4500
001 - NÚMERO DE CONTROL
campo de control 39276
003 - IDENTIFICADOR DE NÚMERO DE CONTROL
campo de control ES-MaACL
005 - FECHA Y HORA DE LA ÚLTIMA TRANSACCIÓN
campo de control 20230906155930.0
007 - CAMPO FIJO DE DESCRIPCIÓN FÍSICA--INFORMACIÓN GENERAL
campo de control de longitud fija t|
008 - DATOS DE LONGITUD FIJA--INFORMACIÓN GENERAL
campo de control de longitud fija 030227s1914 sp ||||1| spa d
100 1# - ENTRADA PRINCIPAL--NOMBRE DE PERSONA
Nombre de persona Camúñez y del Puerto, Fernando.
9 (RLIN) 34358
245 14 - MENCIÓN DEL TÍTULO
Título Los protozoos parásitos del género leishmania y las leishmaniosis /
Mención de responsabilidad, etc. por Fernando Camúñez y del Puerto.
260 ## - PUBLICACIÓN, DISTRIBUCIÓN, ETC.
Lugar de publicación, distribución, etc. Cádiz :
Nombre del editor, distribuidor, etc. Asilo-Escuela de San Ignacio,
Fecha de publicación, distribución, etc. 1914.
300 ## - DESCRIPCIÓN FÍSICA
Extensión 39 p. ;
Dimensiones 21 cm.
502 ## - NOTA DE TESIS
Nota de tesis Tesis doctoral.
650 #4 - PUNTO DE ACCESO ADICIONAL DE MATERIA--TÉRMINO DE MATERIA
Término de materia o nombre geográfico como elemento de entrada Leishmaniosis.
9 (RLIN) 155583
852 ## - LOCALIZACIÓN
Ubicación ES-MaACL
Número de control de estantería T-1448-F-7
Holdings
Estatus retirado Estado de pérdida Estado de daño No para préstamo Colección Biblioteca de origen Biblioteca actual Ubicación en estantería Fecha de adquisición Fuente de adquisición Total de préstamos Signatura topográfica completa Código de barras Visto por última vez Precio de reemplazo Tipo de ítem Koha
        Colección de folletos Biblioteca del Ateneo de Madrid Biblioteca del Ateneo de Madrid Depósito folletos 17/01/2008     T-1448-F-7 1041357 23/02/2023 23/02/2023 Folleto